000 01200cai a22001935a 4500
001 L141747
008 071217u xxk f f000 0 eng d
035 _a(Sirsi) u141747
041 0 _aeng
110 2 _aUnited Kingdom
_bPlanning Inspectorate
_92192
245 0 0 _aLocal development frameworks
_bassessing the soundness of development plan documents and statements of community involvement
_h[electronic resource]
520 _aProvides guidance to Planning Inspectors on assessing the soundness of Development Plan Documents (DPDs) and Statements of Community Involvement (SCIs). Gives an overview of the key elements of the examination process. Includes a Plain English guide on each DPDs and SCIs, providing downloadable model forms. Also provides guidance on the DPD submission aimed at local authorities.
590 _aKA
650 2 4 _aPLANNING AND COMPULSORY PURCHASE ACT 2004 S39
651 4 _aUnited Kingdom
_y
690 _aENVIRONMENTAL AND LAND CONSULTANCY-PLANNING AND DEVELOPMENT-DEVELOPMENT CONTROL
856 4 0 _uhttps://www.planning-inspectorate.gov.uk/pins/appeals/local_dev/Soundness_of_DPD.htm
_zView the website free of charge at www.planning-inspectorate.gov.uk...
942 _n0
999 _c120639
_d120639